| 000 | 01196cam a22003257a 4500 | ||
|---|---|---|---|
| 005 | 20220817043113.0 | ||
| 008 | 971010s1988 r 10010 d | ||
| 010 | _a65787 | ||
| 011 | _a66759 | ||
| 035 | _a75730 | ||
| 082 |
_a634.967 _bS5 1987 |
||
| 111 | 0 | 0 |
_aSimposio Nacional sobre Parasitología Forestal ( _n4 _d: 1987 _c: Durango, Dgo.) _9106369 |
| 245 | 0 | _aMemoria | |
| 260 |
_aMéxico, D.F. : _bINIFAP, _c1988 |
||
| 300 |
_av. _b; lams. ; gráfs. ; mapas |
||
| 490 | 0 | _aPublicación especial | |
| 500 | _aLa biblioteca tiene : v.1 | ||
| 590 |
_aBATCH-UPD _b10 _c20130110 _lUCH01 _h1252 |
||
| 590 |
_aBATCH-UPD _b10 _c20130410 _lUCH01 _h0813 |
||
| 590 |
_aBATCH-UPD _b10 _c20130914 _lUCH01 _h0717 |
||
| 590 |
_aCONVERSION _b10 _c20130109 _lUCH01 _h1336 |
||
| 650 | 1 | 4 |
_aÁrboles _xEnfermedades. _982436 |
| 650 | 1 | 4 |
_aÁrboles _xPlagas. _982440 |
| 650 | 1 | 4 |
_aBosques _xCongresos. _914116 |
| 710 | 0 | _aSociedad Mexicana de Entomología. | |
| 711 | 0 |
_aReunión sobre Plagas y Enfermedades Forestales (4 : 1987 : Durango, Dgo.) _n(4 : _d1987 : _cDurango, Dgo.) _996648 |
|
| 830 | 0 |
_aPublicación especial _992760 |
|
| 901 | _aBK | ||
| 949 |
_a634.967 S5 1987 _bZA _cLIBRO _d-8688 _eLIBRO _h6014 _i75730 _si |
||
| 999 |
_c65787 _d65787 |
||